00368nam a2200109Ia 450000100070000000500170000700800410002424500550006526000190012099900190013995201000015864016320250826153442.0250824s9999 xx 000 0 und d 0a1 Okulda İlk Gün Sürprizi c Kate McMullan bBEYAZ BALİNA c640163d640163 00104070a1001b1001d2025-08-24l4p1001402r2025-12-29 08:28:00s2025-12-23w2025-08-26yBK